[Event "84th Annual Southwest Open"]
[Site "Irving"]
[Date "2018.09.03"]
[Round "7"]
[White "Stefanov, Emil"]
[Black "Ynojosa Aponte, Felix Jose"]
[Result "1/2-1/2"]
[WhiteElo "2407"]
[BlackElo "2370"]
[Annotator "TA"]
[PlyCount "103"]
[EventDate "2018.08.31"]
[EventType "swiss"]
[EventCountry "USA"]
[SourceTitle "playchess.com"]
[Source "ChessBase"]
[SourceQuality "1"]

{[%evp 14,103,18,15,19,17,27,27,17,22,17,18,50,57,72,72,72,64,84,83,77,56,56,53,57,58,65,45,53,45,83,80,77,81,123,128,107,76,89,72,134,56,56,56,92,79,93,65,75,64,229,74,74,74,74,74,81,74,79,74,80,69,56,53,81,64,80,69,90,99,116,110,213,189,608,600,515,137,139,144,144,144,144,144,385,0,0,0,0,0,397,237]} 1. Nf3 c5 2. c4 Nc6 3. Nc3 e5 4. g3 Nf6 5. Bg2 Be7 6. O-O d6 7. d3 {A34: Englische Eröffnung (Symmetrische Variante)} (7. e3 O-O 8. d4 cxd4 9. exd4 Bg4 10. Ne2 e4 11. Nd2 Nxd4 12. f3 exf3 13. Nxf3 Nxf3+ 14. Bxf3 Bxf3 15. Rxf3 Rc8 {0-1 (33) Ruck,R (2561)-Saric,I (2652) Tallinn 2016}) 7... h6 8. Ne1 {LiveBook: 5 Partien} Be6 9. Nd5 {Die Stellung ist ausgeglichen.} O-O 10. Nc2 Qd7 11. Rb1 $146 ({Vorgänger:} 11. a3 Rfe8 12. Nce3 Rab8 13. b4 Bh3 14. b5 Nd4 {1-0 (36) Scharf,N (2211)-Buczinski,H (2174) ICCF email 2016}) 11... Rab8 12. b3 Bxd5 13. cxd5 Nb4 14. Nxb4 cxb4 15. Bb2 Qb5 16. e4 $1 Nd7 17. Rc1 Rbc8 18. Qe2 Rxc1 19. Rxc1 Bd8 20. Rc4 Bb6 21. Bh3 a5 22. Kg2 Re8 23. Bc1 Kf8 24. Qf3 Nc5 25. Bd2 Bd8 26. Bg4 Bg5 (26... Kg8 $142) 27. Be1 ({Günstiger ist} 27. Bxg5 $16 hxg5 28. Bf5) 27... Bf6 28. h4 {[%cal Bh2h4,Bh4h5][%mdl 32]} Ke7 29. Bd2 b6 30. Qf5 Ra8 31. h5 Ra7 $2 (31... Qe8 $1 $14) 32. d4 $2 (32. f4 $1 $18 {Droht stark d4!} Nxd3 33. Rc8 exf4 34. gxf4) 32... exd4 $16 33. f4 {zielt auf e5 ab.} Qd7 34. Qxd7+ Nxd7 35. Rc6 d3 36. e5 dxe5 37. d6+ Kd8 38. Kf3 exf4 39. gxf4 Bd4 40. Bf5 $1 Rb7 41. Ke4 Bg1 42. Kxd3 Nc5+ (42... b5 $16 {ist eine bessere Verteidigung.}) 43. Kc4 $18 {[%csl Gf5][%cal Rc6c8]} Ne6 $2 (43... Nd7 44. Kb5 Ra7) 44. Kd5 Kd7 45. Rc7+ $2 (45. Bg4 $18 {und Weiss behält klar die Oberhand. f5 ist eine echte Drohung.} Bd4 46. f5) 45... Rxc7 $16 46. dxc7 Kxc7 47. Bxe6 fxe6+ 48. Kxe6 {KL-KL} Kd8 $2 {[#]} (48... Bd4 $16 {ist wohl besser.}) 49. Kf7 $2 (49. f5 $1 $18) 49... Bd4 $11 50. f5 Kd7 $1 51. Bf4 Bc3 $2 {[%mdl 8192] [#]} (51... b5 $1 $11 {und Schwarz muss sich keine Sorgen machen.}) 52. Be3 $1 {Precision: Weiß = 69%, Schwarz = 40%.} 1/2-1/2

[Event "84th Annual Southwest Open"]
[Site "Irving"]
[Date "2018.09.03"]
[Round "7"]
[White "Lin, Andy"]
[Black "Wang, Jason"]
[Result "0-1"]
[WhiteElo "2274"]
[BlackElo "2184"]
[Annotator "TA"]
[PlyCount "48"]
[EventDate "2018.08.31"]
[EventType "swiss"]
[EventCountry "USA"]
[SourceTitle "playchess.com"]
[Source "ChessBase"]
[SourceQuality "1"]

{[%evp 14,48,9,6,8,8,25,29,37,0,0,8,16,-14,-14,-38,-36,-41,21,-10,-4,-16,-15,-132,-125,-195,-208,-253,-198,-196,-207,-297,-311,-317,-309,-547,-522]} 1. Nf3 d5 2. g3 Bg4 3. Bg2 Nd7 4. c4 e6 5. Qb3 Nc5 6. Qc2 {A07: Réti Opening: New York and Capablanca Systems} Nf6 7. d3 (7. O-O c6 8. d4 Ncd7 9. Nc3 Be7 10. Ne5 Bf5 11. Qb3 Qb6 12. Nxd7 Nxd7 {½-½ (37) Almasi,Z (2682)-Movsesian,S (2647) Riadh 2017}) 7... c6 8. O-O {LiveBook: 22 Games. The position is equal.} Bd6 9. Nbd2 O-O 10. h3 Bh5 $146 ({Predecessor:} 10... Bxf3 11. Nxf3 a5 12. b3 Ncd7 {½-½ (21) Wojtkiewicz,A (2581)-Sadvakasov,D (2509) Los Angeles 2000}) 11. b3 Re8 12. Bb2 Rc8 13. g4 (13. b4 {feels hotter.} Ncd7 14. a3 e5 15. e3 a5 16. c5) 13... Bg6 14. Ne5 Bxe5 $1 15. Bxe5 Ncd7 (15... h5 $15) 16. Bb2 e5 17. Rad1 h5 18. gxh5 (18. g5 $11 {keeps the balance.} Nh7 19. h4 (19. cxd5 $2 cxd5 20. Qb1 Nxg5 $19)) 18... Nxh5 $17 {Strongly threatening ...Nf4.} 19. e3 {[#]} (19. Bc1 $17) 19... Nc5 $1 $19 {[%cal Rc5d3]} 20. Nb1 dxc4 21. Qxc4 Nxd3 22. Bc3 (22. Qg4 $142) 22... e4 23. a4 Qg5 {[#] ( -> ...Nhf4!)} 24. Kh1 $2 (24. h4 {was worth a try.} Qe7 25. b4) 24... b5 {Precision: White = 18%, Black = 70%.} 0-1

[Event "84th Annual Southwest Open"]
[Site "Irving"]
[Date "2018.09.03"]
[Round "7"]
[White "Yim, Sung Ho"]
[Black "Wang, Justin"]
[Result "1/2-1/2"]
[WhiteElo "2271"]
[BlackElo "2391"]
[Annotator "TA"]
[PlyCount "208"]
[EventDate "2018.08.31"]
[EventType "swiss"]
[EventCountry "USA"]
[SourceTitle "playchess.com"]
[Source "ChessBase"]
[SourceQuality "1"]

{[%evp 19,208,12,14,9,5,0,0,0,0,0,16,19,21,16,23,13,27,15,31,23,33,38,66,62,143,143,181,161,158,157,168,149,167,127,161,146,140,139,147,146,155,152,156,156,142,147,167,132,171,174,210,200,190,190,219,222,231,205,207,152,216,178,193,193,210,173,183,190,191,165,202,202,209,203,188,208,211,202,209,147,198,179,218,212,226,227,225,235,217,219,222,230,217,185,192,166,250,262,258,235,225,220,358,335,356,302,290,274,270,270,456,454,438,420,359,0,0,0,0,0,0,0,0,0,0,0,0,0,0,0,0,0,0,0,0,0,0,0,0,0,0,0,0,0,0,0,0,0,0,0,0,0,0,0,0,0,0,0,0,0,0,0,0,0,0,0,0,0,0,0,0,0,0,0,0,0,0,0,0,0,0,0,0,0,0,0,0,0,0,0,0]} 1. d4 Nf6 2. c4 e6 3. Nc3 Bb4 4. Nf3 b6 5. e3 O-O 6. Bd3 d5 7. cxd5 {E52: Nimzo-Indian: Rubinstein: 4...0-0 5 Nf3 d5 6 Bd3 b6} exd5 8. O-O Ba6 9. Bxa6 Nxa6 10. Qd3 Qc8 {LiveBook: 12 Games} 11. a3 Bxc3 12. Qxc3 $146 ({Predecessor:} 12. bxc3 c5 13. Nd2 Re8 14. f3 Qb7 15. Bb2 c4 16. Qe2 Re6 17. Rfe1 Rae8 18. Nf1 Nh5 19. Qd2 f5 20. a4 Qf7 21. g3 Nc7 22. Ba3 h6 23. h3 Nf6 24. g4 Nh7 25. Kg2 fxg4 {½-½ (25) Johannessen,L (2519)-Leko,P (2744) Tromsoe 2013}) 12... c5 13. dxc5 bxc5 14. b3 Rb8 15. Bb2 Qb7 16. Nd2 Rfe8 17. Rab1 Rbd8 18. Rfe1 Re6 19. Qc2 Rde8 20. Red1 Qe7 21. Nf3 Nc7 (21... Rd6 $1 $14) 22. Ng5 $16 {[#] Strongly threatening Bxf6.} Rd6 23. Qxc5 Ne6 24. Nxe6 Ne4 25. Qd4 {[%csl Gb2,Ge6][%cal Rd4g7]} fxe6 26. Qe5 Rd7 27. f3 Nc5 {[%cal Be4c5,Bc5b7,Bb7d6,Bd6c4][%mdl 32]} 28. b4 Nb7 29. Bd4 Nd6 30. Bc5 Nc4 31. Qd4 Qf7 32. Rbc1 Red8 33. Qc3 h5 34. e4 Qg6 35. exd5 exd5 36. Re1 Nb6 37. Qd4 Nc4 38. Be7 ({Much less strong is} 38. Bxa7 Nxa3 39. Bb6 Nb5) 38... Rc8 39. Bh4 Qf7 (39... Qb6 $16 {was necessary.} 40. Bf2 Qg6) 40. Rc3 Re8 41. Rd1 {[%cal Be1d1,Bd1d2,Bd2e2,Be2e8][%mdl 32]} Nb6 42. Rc2 Qf5 43. Rdd2 Qe6 44. Kf1 Qf7 45. Re2 Nc4 46. Rxe8+ Qxe8 47. Re2 Qf7 48. a4 Nd6 49. Qe5 Nf5 (49... Nc4 $16 50. Qb8+ Kh7) 50. Bg5 d4 51. Qe8+ Qxe8 52. Rxe8+ $18 {[%mdl 4096] Endgame KRB-KRN} Kf7 53. Re5 g6 54. g4 hxg4 55. fxg4 Ng7 56. Bd2 Ne6 57. h4 Kf6 (57... d3 $142 58. Re4 Nd4) 58. Ra5 Kf7 59. h5 gxh5 60. gxh5 Kf6 (60... d3 $142 61. Ke1 Nd4) 61. h6 Kg6 62. Re5 Kf6 63. Rh5 Kg6 64. Rh4 a5 $2 (64... Re7 {keeps fighting.} 65. Kf2 Kh7) 65. bxa5 Nc5 66. Rg4+ Kh7 67. Rg5 $2 (67. Ke2 $18) 67... Ne4 $11 {The position is equal.} 68. Rg2 Nxd2+ 69. Rxd2 Kxh6 {KR-KR} 70. Ke2 {[#] Hoping for Kd3.} Kg6 71. Kd3 Ra7 72. Kxd4 Rxa5 73. Ra2 Kf7 74. Kc4 Ke7 75. Kb4 Ra8 76. Kc5 Kd7 77. Kb6 Rb8+ 78. Ka7 Rb4 79. Rd2+ Kc7 {[%cal Rb4a4]} 80. Rc2+ Kd7 81. a5 Rb5 82. Ka6 Rb1 83. Rc5 {Black must now prevent Ka7.} Kd6 84. Rc2 {Threatens to win with Ka7.} Kd7 85. Ka7 Rb5 86. a6 {And now Ka8 would win.} (86. Ra2 {with more complications.} Kc7 87. Ka6 Rh5 88. Rb2 Rh8 89. Rb6) 86... Rb1 87. Rd2+ Kc7 88. Rc2+ Kd7 89. Rh2 Kc7 90. Rh7+ Kc8 91. Rb7 Ra1 92. Rb6 Kc7 93. Rb7+ Kc8 94. Rb6 Kc7 95. Rh6 Ra2 96. Ka8 Rb2 97. Rh7+ Kc8 98. Rb7 (98. Rh8+ Kc7 $16) 98... Ra2 99. a7 {Rb1 is the strong threat.} Rh2 100. Rb3 {aiming for Rc3+.} Kc7 101. Rc3+ Kb6 $1 {( -> ...Rh8+)} 102. Kb8 Rh8+ 103. Rc8 Rxc8+ 104. Kxc8 Kxa7 {Precision: White = 72%, Black = 64%.} 1/2-1/2

[Event "84th Annual Southwest Open"]
[Site "Irving"]
[Date "2018.09.03"]
[Round "7"]
[White "Findlay, Ian T"]
[Black "Sanchez, Robert"]
[Result "1-0"]
[WhiteElo "2263"]
[BlackElo "1834"]
[Annotator "TA"]
[PlyCount "91"]
[EventDate "2018.08.31"]
[EventType "swiss"]
[EventCountry "USA"]
[SourceTitle "playchess.com"]
[Source "ChessBase"]
[SourceQuality "1"]

{[%evp 36,91,107,30,41,7,14,10,8,5,14,7,14,11,9,0,0,0,0,0,0,0,98,100,111,122,294,122,110,116,116,119,119,115,118,127,383,383,383,369,246,363,347,308,321,321,1138,791,1087,356,1134,352,1068,924,906,786,784,-1676]} 1. e4 e6 2. d4 d5 3. Nd2 Nf6 4. e5 Nfd7 5. Bd3 c5 6. c3 Nc6 7. Ne2 cxd4 8. cxd4 f6 9. exf6 Nxf6 10. Nf3 Bd6 11. O-O Qc7 12. Bg5 O-O 13. Bh4 Nh5 14. Qc2 h6 15. Bh7+ {C06: French Tarrasch: 3...Nf6 4 e5 Nfd7 5 Bd3 main lines} Kh8 16. Bg6 Rxf3 (16... Nf4 17. Nxf4 Rxf4 18. Bg3 Rxf3 19. gxf3 Qe7 20. Rad1 Bd7 21. Qc3 Rf8 22. Bb1 Kg8 {1-0 (41) Artemiev,V (2653)-Onischuk,V (2615) Martuni 2016}) 17. Bxh5 Rf5 18. Bg6 Bxh2+ 19. Kh1 {LiveBook: 34 Games} Bd6 $1 20. Bxf5 exf5 21. f4 Qf7 22. Kg1 Qh5 23. Bg3 $146 Bd7 24. Rf3 {[%cal Bf1f3,Bf3b3,Bb3b7][%mdl 32]} Re8 25. Bf2 Re4 26. Ng3 Qg4 27. Nxe4 fxe4 28. Rb3 Bxf4 (28... b6 $11) 29. Qc5 $16 Qg5 {[#] ...e3 is the strong threat.} 30. Rxb7 e3 $2 (30... Bh3 $16 31. Qf8+ Kh7 32. Rxg7+ Qxg7 33. Qxg7+ Kxg7 34. gxh3 Nb4) 31. Be1 (31. Rxd7 $18 exf2+ 32. Kf1) 31... Bh3 {[%csl Gh3][%cal Rg5g2]} 32. Qf8+ Kh7 {[%csl Gh3][%cal Rg5g2] [#]} 33. Rxg7+ $1 {[%mdl 512]} Qxg7 34. Qxg7+ Kxg7 35. gxh3 Nxd4 $2 {[%mdl 12288] Endgame KRB-KBN} (35... Kg6 $16) 36. Bc3 $18 Be5 37. Kf1 Kf6 {With the idea ...Ne6.} 38. Bxd4 $1 Bxd4 {KR-KB} 39. Ke2 Ke5 40. Kd3 Bxb2 $2 (40... a5 41. Rf1 a4) 41. Rb1 Bd4 42. Rb4 $2 (42. Rb8 Bb6 43. Rh8) 42... h5 $2 (42... e2 43. Kxe2 Bc5) 43. Ra4 $2 (43. Rxd4 e2 $19) (43. Rb8 {Strongly threatening Re8+.} Bb6 44. Rh8) 43... Bb6 $2 (43... e2 44. Kxe2 Ke4) 44. Rh4 {White is clearly winning.} d4 45. a4 Kd5 46. Ke2 $4 {[%mdl 40960] Precision: White = 60%, Black = 27%. . Sensor Board Error (Ke4/e5)?} (46. a5 $18) 1-0

[Event "84th Annual Southwest Open"]
[Site "Irving"]
[Date "2018.09.03"]
[Round "7"]
[White "Shen, Christopher"]
[Black "Checa, Nicolas"]
[Result "0-1"]
[WhiteElo "2254"]
[BlackElo "2478"]
[Annotator "TA"]
[PlyCount "72"]
[EventDate "2018.08.31"]
[EventType "swiss"]
[EventCountry "USA"]
[SourceTitle "playchess.com"]
[Source "ChessBase"]
[SourceQuality "1"]

{[%evp 17,72,0,3,-8,-9,-30,-12,-16,-25,-25,0,-50,-47,-64,-55,-134,-90,-59,-65,-69,-59,-92,-51,-70,-70,-128,-163,-186,-163,-174,-185,-304,-321,-321,-314,-305,-304,-272,-281,-307,-306,-318,-307,-449,-429,-448,-442,-506,-506,-497,-488,-5177,-1845,-5631,-5622,-5314,-4505]} 1. c4 c6 2. g3 d5 3. Nf3 Nf6 4. Bg2 dxc4 5. Qc2 b5 6. a4 {A11: English Opening: 1...c6} Bb7 (6... Na6 7. axb5 cxb5 8. b3 Nb4 9. Qc3 Nfd5 10. Qb2 e6 11. Na3 Ba6 12. Nd4 Qb6 13. Ndxb5 cxb3 {0-1 (33) Forster,R (2459)-Berkes,F (2685) Istanbul 2012}) 7. b3 cxb3 8. Qxb3 a6 9. Ba3 Nbd7 {LiveBook: 11 Games} 10. Nc3 e6 {next ...Bxa3 is good for Black.} 11. Bxf8 Kxf8 12. O-O g6 13. d4 Qe7 14. Rfd1 $146 Kg7 15. Rab1 Rab8 16. e4 (16. Ne5 $15) 16... e5 17. dxe5 Nxe5 18. Nxe5 Qxe5 19. Qa3 Rhd8 20. f4 Qc7 {[#] Threatens to win with ...Qb6+.} 21. h3 ({White should play} 21. Qc5 $15) 21... Rxd1+ $17 22. Rxd1 Qb6+ 23. Kh2 b4 $36 {[%mdl 2048] Keeping White busy.} 24. a5 (24. Qb2 $142) 24... Qc5 $19 ({Weaker is} 24... bxa3 25. axb6 h5 26. Ra1 $11) 25. Na4 bxa3 26. Nxc5 Bc8 27. Ra1 Rb5 $1 {[%csl LRa5,LRc5]} 28. Na4 Rxa5 29. Rxa3 Bd7 30. e5 (30. Bf3 {was necessary.}) 30... Nd5 {Black is clearly winning.} 31. Ra2 Be6 32. Nc3 Rxa2 33. Nxa2 {[#]} Nxf4 $1 {[%mdl 512]} 34. gxf4 (34. Nc3 $142 Nxg2 35. Kxg2) 34... Bxa2 35. Bxc6 Bb3 36. Kg3 a5 {Precision: White = 25%, Black = 87%.} 0-1

[Event "84th Annual Southwest Open"]
[Site "Irving"]
[Date "2018.09.03"]
[Round "7"]
[White "Daggupati, Balaji"]
[Black "Easton, Jack"]
[Result "1/2-1/2"]
[WhiteElo "2226"]
[BlackElo "2262"]
[Annotator "TA"]
[PlyCount "63"]
[EventDate "2018.08.31"]
[EventType "swiss"]
[EventCountry "USA"]
[SourceTitle "playchess.com"]
[Source "ChessBase"]
[SourceQuality "1"]

{[%evp 18,63,68,61,67,34,56,55,72,47,48,45,55,22,56,52,47,52,47,39,50,35,59,47,93,45,47,10,18,9,11,-104,-87,-91,-21,-19,-20,-18,30,23,23,0,0,0,0,0,-1,-4]} 1. e4 c5 2. Nf3 Nc6 3. Bb5 e6 4. O-O Nge7 5. Re1 a6 6. Bf1 d5 7. exd5 Nxd5 8. d4 cxd4 9. Nxd4 Bc5 {B30: Sizilianisch (Rossolimo-Variante)} (9... Bd7 10. Nf5 Bc8 11. c4 Nf6 12. Qxd8+ Nxd8 13. Bf4 Bd7 14. Nc3 g6 15. Be5 gxf5 16. Bxf6 Rg8 17. Nd5 {½-½ (44) Zvjaginsev,V (2673)-Reshetnikov,A (2492) Moscow 2016}) 10. Nxc6 {LiveBook: 6 Partien} bxc6 11. Qf3 (11. c4 $5 {[%cal Rc4d5]} Qf6 12. Qe2 $14) 11... Qf6 {Weiß steht etwas besser.} 12. Qxf6 Nxf6 13. Be3 $146 ({Vorgänger:} 13. Nc3 O-O 14. Na4 Be7 15. c4 Bb7 16. Be3 Nd7 17. Red1 {1-0 (29) Geffroy,L (1970)-Entem,A (2177) Rennes 2013}) 13... Bxe3 14. Rxe3 a5 15. Na3 Ba6 16. Rc3 Bxf1 $1 17. Kxf1 Ra6 18. Rd1 Ke7 19. Nc4 Rb8 20. Ne5 Rbb6 21. Rc5 a4 22. b3 axb3 23. axb3 Nd5 24. c4 {[#]} (24. Rc4 $11 {bleibt in der Remisbreite.}) 24... Nc3 $1 $17 {[%cal Rc3d1]} 25. Re1 {[#]} Kd6 ({Viel schwächer wäre} 25... Rxb3 26. Rxc6 Rxc6 27. Nxc6+ Kf6 28. Re3 $11) ({Besser ist} 25... f6 $1 $17 26. Nd3 Rxb3) 26. Nd3 $1 $11 Rxb3 {Und ...Sa4 würde nun gewinnen.} 27. Rg5 Ne4 28. Rxe4 {Und weiter mit Td4+ wäre nett.} Rxd3 29. c5+ Ke7 {Droht ...g6 und aus.Die Stellung ist ausgeglichen.} 30. Rxg7 {Schwarz muss nun Tf4 beachten.} Ra1+ 31. Ke2 Rb3 {Weiss sollte ...Tb2+ verhindern.} 32. Rd4 $1 {Precision: Weiß = 42%, Schwarz = 63%.} 1/2-1/2

[Event "84th Annual Southwest Open"]
[Site "Irving"]
[Date "2018.09.03"]
[Round "7"]
[White "Nguyen, Emily"]
[Black "Stremavicius, Titas"]
[Result "1-0"]
[WhiteElo "2194"]
[BlackElo "2467"]
[Annotator "TA"]
[PlyCount "96"]
[EventDate "2018.08.31"]
[EventType "swiss"]
[EventCountry "USA"]
[SourceTitle "playchess.com"]
[Source "ChessBase"]
[SourceQuality "1"]

{[%evp 9,96,81,95,81,81,85,90,85,77,52,60,63,56,55,51,47,65,65,66,47,100,86,107,112,104,101,102,93,111,106,110,106,282,269,272,231,221,173,181,166,172,172,172,166,172,172,172,170,212,202,208,210,205,212,201,154,182,182,177,179,324,325,317,318,312,309,304,299,276,195,379,353,326,216,373,329,409,355,794,779,772,764,2193,2193,2191,1674,2529,2291,29982]} 1. d4 c5 2. d5 e5 3. e4 d6 4. Nc3 a6 5. a4 Be7 {LiveBook: 130 Games} 6. Bd3 {A44: Semi-Benoni} (6. Nf3 Bg4 7. h3 Bxf3 8. Qxf3 Bg5 9. Bxg5 Qxg5 10. Qg4 Qxg4 11. hxg4 f6 12. a5 Nd7 13. Nd1 Ne7 14. Ne3 O-O-O 15. Bd3 {1-0 (47) Rahman,A (2331)-Dzhumaev,M (2451) Tashkent 2018}) 6... Bg5 7. Nf3 {[%cal Bg1f3,Bf3d2,Bd2c4][%mdl 32]} Bxc1 8. Qxc1 {White is better.} Ne7 9. O-O O-O 10. Nd2 Nd7 11. Nc4 Nb6 $146 ({Predecessor:} 11... Nf6 12. a5 Ng6 13. f3 {½-½ (77) Mahn,F (2180)-Rahls,P (2205) Germany 1997}) 12. Ne3 a5 13. Nb5 $36 {[%mdl 2048] White is more active.} Ng6 14. g3 Bh3 ({Black should play} 14... Ne7 $14) 15. Re1 $16 Qf6 16. Bf1 Bd7 17. Qd2 Ne7 18. Qd3 Qg6 19. Qb3 Nbc8 20. Nc4 {Threatens to win with Nbxd6!} b6 $2 {[#]} (20... Qh6 $16 {keeps fighting.}) 21. Nbxd6 $1 $18 {[%mdl 512]} Qf6 (21... Nxd6 22. Nxe5) 22. Nb5 Rb8 23. Rad1 Bxb5 24. Qxb5 Nd6 25. Nxd6 Qxd6 26. Bh3 Rbd8 27. Qd3 Qh6 28. Kg2 Nc8 29. Bxc8 Rxc8 30. d6 Rfd8 31. Qd5 Qe6 32. c4 Qxd5 33. Rxd5 $16 {[%mdl 4096] Endgame KRR-KRR} (33. cxd5 $6 Rxd6 34. Re2 Rcd8 $14) 33... f6 34. f4 exf4 (34... Rd7 {was worth a try.} 35. Red1 (35. fxe5 fxe5 36. Red1 Re8 $16) 35... Re8) 35. gxf4 $18 {[%cal Bg3f4,Bf4e5][%mdl 32]} Kf7 36. e5 fxe5 37. fxe5 {e6+ is the strong threat.} Ke6 38. Rf1 Rb8 39. Rf4 Rb7 $2 (39... Rf8 40. Kf3 Rf5) 40. Kf3 b5 41. Rxc5 bxc4 $2 (41... bxa4 {was called for.} 42. Rg4 (42. Rxa5 Rxb2 43. Rg4 Rd7 $16) 42... Rf8+ 43. Ke4 Rf2 44. Rxa5 Rbxb2) 42. Rfxc4 Rxb2 43. Rc8 Rd7 $2 ({Of course not} 43... Rxc8 44. Rxc8 Rb3+ 45. Ke4 $18) (43... Rb8 44. Rxd8 Rxd8) 44. Re8+ {White is clearly winning.} Kd5 45. Rc7 Rb7 46. Rxd7 Rxd7 47. Re7 Rd8 48. d7 Ra8 {Precision: White = 76%, Black = 46%.} 1-0

[Event "84th Annual Southwest Open"]
[Site "Irving"]
[Date "2018.09.03"]
[Round "7"]
[White "Cervantes Landeiro, Thalia"]
[Black "Huang, Max"]
[Result "1-0"]
[WhiteElo "2172"]
[BlackElo "1805"]
[Annotator "TA"]
[PlyCount "121"]
[EventDate "2018.08.31"]
[EventType "swiss"]
[EventCountry "USA"]
[SourceTitle "playchess.com"]
[Source "ChessBase"]
[SourceQuality "1"]

{[%evp 20,121,7,0,0,0,7,6,56,41,164,146,181,176,179,180,183,192,186,186,186,170,212,203,262,235,289,259,268,223,301,270,275,274,273,266,293,284,397,397,395,390,397,396,385,344,393,396,391,384,425,418,426,425,416,415,407,414,426,425,374,425,426,424,424,416,406,418,410,416,414,412,414,414,384,380,372,352,402,395,376,379,679,682,685,675,654,654,612,600,573,559,651,663,731,718,885,886,727,682,737,706,864,867]} 1. d4 Nf6 2. c4 g6 3. Nc3 Bg7 4. e4 d6 5. f4 O-O 6. Nf3 c5 7. d5 e6 8. dxe6 fxe6 9. Bd3 Nc6 10. O-O Nd4 11. Kh1 {LiveBook: 16 Games. E76: King's Indian: Four Pawns Attack: Lines specific to 6 Nf3 move-order} (11. Bd2 Bd7 12. Nxd4 cxd4 13. Nb5 Bc6 14. Qe2 Ne8 15. e5 Bxb5 16. cxb5 dxe5 17. fxe5 Nc7 18. Rxf8+ Qxf8 {½-½ (77) Ponomariov,R (2726)-Vovk,Y (2562) Kiev 2012}) 11... b6 12. Ng5 h6 $146 ({Predecessor:} 12... a6 13. Be3 Ra7 14. a3 Re7 15. e5 dxe5 16. fxe5 Nd7 17. Nge4 Ref7 18. Rxf7 Rxf7 {½-½ (80) Soffer,R (2489)-Mittelman,G (2384) Israel 2011}) 13. Nf3 {[%cal Bg5f3,Bf3h4,Bh4g6][%mdl 32] The position is equal.} Bb7 14. Nh4 Nxe4 (14... Qe8 $14) 15. Nxg6 $18 Rf6 16. Bxe4 Bxe4 17. Nxe4 Rxg6 18. Qh5 Rf6 19. Nxf6+ Qxf6 20. Bd2 Rf8 21. Rae1 {[%cal Ba1e1,Be1e3,Be3g3][%mdl 32]} a6 22. Qd1 Qg6 23. Bc3 Kh8 24. Re3 Rf5 25. Bxd4 cxd4 26. Rg3 Qf7 27. Rgf3 Qc7 28. Qd3 Rc5 29. f5 exf5 30. Rxf5 Rxf5 31. Rxf5 {[%mdl 4096] Endgame KQR-KQB} Qe7 32. Rf1 Qe6 33. b3 Qe5 34. Qf3 Qa5 35. Qa8+ Kh7 36. Qe4+ Kh8 37. Qe6 Qxa2 38. Qc8+ Kh7 39. Qf5+ Kh8 40. Re1 {[#] White threatens Re8+ and mate.} Be5 41. Qf8+ Kh7 42. Qf7+ Kh8 43. Qe8+ Kh7 44. Qd7+ Kh8 {Black hopes to continue with ...Qf2.} 45. Rf1 {[%cal Rf1f8] [#]} Bg7 46. Qd8+ Kh7 47. Qxb6 Qe2 {[%cal Re2f1]} 48. Rg1 Be5 {Now ...Bxh2 and Black clings on.} 49. Qb7+ Kg6 {If Black can now play ...Bxh2 this consolidates a bit.} 50. Qf3 Qc2 $2 (50... Qxf3 51. gxf3+ Kf5) 51. Rf1 {Qg4+ would kill now.White is clearly winning.} Bg7 52. Qf7+ Kh7 53. Qf5+ Qxf5 54. Rxf5 {KR-KB} Kg6 55. Rf3 a5 56. Kg1 Bf6 57. Kf1 Kf7 58. Ke2 Ke6 59. Kd3 Be5 60. Rh3 Bg7 61. Rh5 {Precision: White = 85%, Black = 33%.} 1-0

[Event "84th Annual Southwest Open"]
[Site "Irving"]
[Date "2018.09.03"]
[Round "7"]
[White "Kung, Thomas"]
[Black "Vorontsov, Pavlo"]
[Result "1-0"]
[WhiteElo "2132"]
[BlackElo "2578"]
[Annotator "TA"]
[PlyCount "59"]
[EventDate "2018.08.31"]
[EventType "swiss"]
[EventCountry "USA"]
[SourceTitle "playchess.com"]
[Source "ChessBase"]
[SourceQuality "1"]

{[%evp 16,59,54,45,64,55,88,50,73,23,16,18,53,42,70,75,116,111,127,130,122,115,197,219,180,37,129,47,61,60,262,261,244,255,236,10,17,0,61,70,69,26,9,0,1607,1598]} 1. e4 g6 2. d4 Bg7 3. Nf3 d6 4. Nc3 Nf6 5. Be2 a6 6. O-O O-O 7. Re1 Nc6 8. d5 {B08: Pirc Defence: Classical System} Na7 9. a4 {LiveBook: 4 Games} c6 (9... e6 10. Be3 Re8 11. Bf1 exd5 12. exd5 Bg4 13. h3 Bxf3 14. Qxf3 Nd7 15. Re2 Nc8 {½-½ (62) Fressinet,L (2662)-Aronian,L (2805) Riadh 2017}) 10. Bg5 $146 {White is slightly better.} ({Predecessor:} 10. Bf1 Bg4 11. h3 Bxf3 12. Qxf3 Nd7 13. dxc6 Nxc6 14. Nd5 e6 15. Nf4 Nc5 {0-1 (57) Perske,T (2464)-Vorontsov,P (2564) Philadelphia 2018}) 10... Bg4 11. Nd2 Bd7 12. Nc4 b5 13. dxc6 Bxc6 14. axb5 Nxb5 15. Nd5 $36 {[%mdl 2048] White has strong initiative.} Re8 16. Na5 Bd7 {White must now prevent ...Nxd5.} 17. Bxf6 exf6 18. c4 {[%cal Bc2c4,Bc4c5][%mdl 32]} Na7 {[#]} (18... Nc7 $16 {was necessary.}) 19. c5 $1 $18 {[%mdl 512]} Bc6 (19... dxc5 20. Nb7) 20. Bxa6 ({White must play} 20. Nxc6 $18 Nxc6 21. Qa4 (21. Rxa6 Rxa6 22. Bxa6 dxc5 $14) (21. Bxa6 dxc5 22. Bb5 Rc8 $16)) 20... dxc5 {[#]} (20... Bxd5 $1 $14 21. Qxd5 (21. exd5 Rxe1+ 22. Qxe1 dxc5 $14) 21... dxc5) 21. Nxc6 ({Better is} 21. Bb7 $1 $16 Bxb7 22. Nxb7) 21... Nxc6 $14 22. Bb5 Rxa1 $2 (22... Rc8 $1 $14) 23. Qxa1 $18 Re6 24. Bxc6 $1 Rxc6 {[#]} 25. Qa7 $2 (25. Ne7+ $1 $18 {[%mdl 512]} Qxe7 26. Qa8+ Bf8 27. Qxc6) 25... Bf8 $11 26. Qb7 Rc8 (26... Re6 $11) 27. Nxf6+ $14 Kg7 {...Rb8 is the strong threat.} 28. e5 {aiming for e6.} Rb8 29. Qe4 Rxb2 $2 {[%mdl 8192]} (29... Qd4 $11) 30. Qh4 {Precision: White = 39%, Black = 28%.} 1-0